000 00770cam a2200205 4500
001 WB3704-30
008 000000n2001 000 0 eng u
035 _a(Sirsi) u110546
245 _aRegions cash boost for industry
260 _c2001
490 _aFinancial Times
_v 23 January 2001, 4(1)
520 _aGovernment has unveiled which regions will benefit from the £54m Regional Innovation Fund. Areas such as northern England and West Midlands have been targeted in order to boost manufacturing industry, although all nine RDAs will receive share-outs.
590 _aWB
650 _aREGIONAL DEVELOPMENT AGENCIES
650 _aMANUFACTURING INDUSTRY
650 _aREGIONAL INNOVATION FUND
650 _aFUNDING
690 _aREGENERATION
942 _n0
999 _c65901
_d65901